Wyznacz wybrzeże obu Ameryk - Statystyki

Ogólne statystyki
  • Ten quiz został rozwiązany 370 razy
  • Średni wynik to 27 z 33
Odpowiedzi na mapie
Odpowiedzi zakodowano w zielono-czerwonej skali na mapie do tego quizu, zgodnie z poniższymi procentami.
 
Statystyki odpowiedzi
Państwo % Poprawnych
Kanada
100%
Stany Zjednoczone(Alaska)
100%
Kanada
88%
Meksyk
88%
Stany Zjednoczone(Point Roberts)
88%
Kanada (Tsawwassen)
87%
Stany Zjednoczone
87%
Gwatemala
83%
Argentyna
82%
Chile
82%
Ekwador
82%
Kolumbia
82%
Peru
82%
Brazylia
81%
Honduras
81%
Panama
81%
Salwador
81%
Urugwaj
81%
Kostaryka
80%
Nikaragua
80%
Francja (Gujana Francuska)
79%
Kolumbia
79%
Surinam
79%
Wenezuela
79%
Gujana
78%
Panama
78%
Honduras
77%
Kostaryka
77%
Meksyk
77%
Nikaragua
77%
Stany Zjednoczone
77%
Belize
75%
Gwatemala
75%
Nie znaleziono quizów pasujących do podanych kryteriów
Rozkład punktacji
Procent ludzi z każdym wynikiem
Percentyl według liczby udzielonych odpowiedzi
Twoja historia wyników
Nie rozwiązałeś tego quizu